Domestic regulation and service trade liberalization

שמור ב:
מידע ביבליוגרפי
מחבר ראשי: Mattoo, Aaditya
פורמט: ספר
שפה:Undetermined
יצא לאור: Washington, D. C. The World Bank 2003
נושאים:
תגים: הוספת תג
אין תגיות, היה/י הראשונ/ה לתייג את הרשומה!
Thư viện lưu trữ: Trung tâm Học liệu Trường Đại học Cần Thơ
LEADER 00546nam a2200181Ia 4500
001 CTU_61741
008 210402s9999 xx 000 0 und d
082 |a 341.04 
082 |b M444 
100 |a Mattoo, Aaditya 
245 0 |a Domestic regulation and service trade liberalization 
245 0 |c Aaditya Mattoo and Pierre Sauvé 
260 |a Washington, D. C. 
260 |b The World Bank 
260 |c 2003 
650 |a Jurisdiction ( international law ) 
904 |i Trọng Hải 
980 |a Trung tâm Học liệu Trường Đại học Cần Thơ